Data structures using C / (Record no. 71913)

MARC details
000 -LEADER
fixed length control field 00987nam a22002777a 4500
005 - DATE AND TIME OF LATEST TRANSACTION
control field 20121206164526.0
008 - FIXED-LENGTH DATA ELEMENTS--GENERAL INFORMATION
fixed length control field 121206t xxu||||| |||| 00| 0 eng d
010 ## - LCCN (DPL NO)
LC control number ENG-106352
020 ## - INTERNATIONAL STANDARD BOOK NUMBER
International Standard Book Number 9781259006401
Terms of availability 395.00
020 ## - INTERNATIONAL STANDARD BOOK NUMBER
International Standard Book Number 1259006409
Terms of availability 395.00
035 ## - SYSTEM CONTROL NUMBER
System control number EN-89885
037 ## - SOURCE OF ACQUISITION
Source of stock number/acquisition DBAD / PUB
040 ## - CATALOGING SOURCE
Original cataloging agency DPL
Language of cataloging ENG
082 ## - DEWEY DECIMAL CLASSIFICATION NUMBER
Classification number 005.73
245 ## - TITLE STATEMENT
Title Data structures using C /
Statement of responsibility, etc by ISRD group
250 ## - EDITION STATEMENT
Edition statement 2nd ed
260 ## - PUBLICATION, DISTRIBUTION, ETC. (IMPRINT)
Place of publication, distribution, etc New Delhi
Name of publisher, distributor, etc Tata McGraw-Hill
Date of publication, distribution, etc 2013
270 ## - ADDRESS
Address 7 West Patel Nagar
City New Delhi
Postal code 110008
300 ## - PHYSICAL DESCRIPTION
Extent xvi,429p.:
Other physical details ill.
Dimensions 24cm(pbk)
650 ## - SUBJECT ADDED ENTRY--TOPICAL TERM
Topical term or geographic name as entry element C (Computer program language)
9 (RLIN) 54121
650 ## - SUBJECT ADDED ENTRY--TOPICAL TERM
Topical term or geographic name as entry element Data structures (Computer science)
9 (RLIN) 54122
650 ## - SUBJECT ADDED ENTRY--TOPICAL TERM
Topical term or geographic name as entry element programming language
9 (RLIN) 54123
710 ## - ADDED ENTRY--CORPORATE NAME
Corporate name or jurisdiction name as entry element Instructional Software Research and Development
9 (RLIN) 54371
942 ## - ADDED ENTRY ELEMENTS (KOHA)
Source of classification or shelving scheme Dewey Decimal Classification
Item type English Books
Classification part 005.73
Call number suffix DAT
Holdings
Withdrawn status Lost status Source of classification or shelving scheme Damaged status Not for loan Collection code Home library Current library Date acquired Cost, normal purchase price Total Checkouts Full call number Barcode Date last seen Cost, replacement price Koha item type
    Dewey Decimal Classification     Non-fiction D.B.Act.Division D.B.Act.Division 06/12/2012 395.00   005.73 DAT EN-89885 06/12/2012 395.00 English Books

© Delhi Public Library
Hit Counter
free hit counter